00703nam a2200157Ia 4500008004100000082001700041100002100058245009100079260004800170365000600218630009100224730009100315942000900406999001900415952011100434100415s9999 xx 000 0 und d b1692a595.79 aLubbock John Sir aAnts Bees and Wasps: A Record of Obeservations on the Habits of the Social Hymenoptera aLONDONc1929bKEGAN PAUL TRENCH TRUBNER CO. b0 aAnts Bees and Wasps: A Record of Obeservations on the Habits of the Social Hymenoptera aAnts Bees and Wasps: A Record of Obeservations on the Habits of the Social Hymenoptera cBOOK c584741d584738 00104070aBNHSbBNHSd1997-08-08g0.00l0o595.79 1692pBNHS-1692r2010-04-15 00:00:00w2010-04-15yBOOK